000
00296pam a2200133 a 4500
020
_c
041
_h
082
_a
708
_b
KUM
100
_a
Nirmal Verma.
245
_a
Ram Kumar
_h
Textual Documents
260
_a
[s.l]:
_b
Vadhera Art Gallery,
_c
2003.
300
_a
2003:
_b
paper.
930
_a
7082
999
_c
240872
_d
240872